كتاب الأموال / (رقم التسجيلة. 54216)

تفاصيل مارك
000 -LEADER
fixed length control field 00602nam a22002057a 4500
005 - DATE AND TIME OF LATEST TRANSACTION
control field 20251108171015.0
008 - FIXED-LENGTH DATA ELEMENTS--GENERAL INFORMATION
fixed length control field 250721s1987 xx 000 0 ara d
082 14 - DEWEY DECIMAL CLASSIFICATION NUMBER
Classification number م/216,3/سلا
100 1# - MAIN ENTRY--PERSONAL NAME
Personal name إبن سلام، أبو عبيد القاسم
245 10 - TITLE STATEMENT
Title كتاب الأموال /
250 ## - EDITION STATEMENT
Edition statement ط 2.
264 1# - PRODUCTION, PUBLICATION, DISTRIBUTION, MANUFACTURE, AND COPYRIGHT NOTICE
Place of production, publication, distribution, manufacture الدوحة :
Name of producer, publisher, distributor, manufacturer إدارة إحياء التراث الإسلامي،
Date of production, publication, distribution, manufacture, or copyright notice 1987.
300 ## - PHYSICAL DESCRIPTION
Extent 649ص
650 17 - SUBJECT ADDED ENTRY--TOPICAL TERM
Topical term or geographic name as entry element الإسلام
650 17 - SUBJECT ADDED ENTRY--TOPICAL TERM
Topical term or geographic name as entry element فقه
650 17 - SUBJECT ADDED ENTRY--TOPICAL TERM
Topical term or geographic name as entry element معاملات
700 1# - ADDED ENTRY--PERSONAL NAME
Personal name هراس، محمد خليل
Relator term تحقيق
942 ## - ADDED ENTRY ELEMENTS (KOHA)
Source of classification or shelving scheme Dewey Decimal Classification
Koha item type مراجع
المقتنيات
حالة السحب حالة الفقدان مصدر التصنيف حالة التلف غير قابل للإعارة المكتبة الرئيسية المكتبة الحالية موقع الرف تاريخ التزويد الرقم المتسلسل Total Checkouts رقم الإستدعاء الباركود تاريخ آخر ظهور تاريخ الفاتورة نوع المادة (كوها)
    Dewey Decimal Classification     مكتبة حمزة العامة مكتبة حمزة العامة الإعارة 04/06/2015 [3560].   م/216,3/سلا PLD00329144 28/07/2025 04/06/2015 مراجع
    Dewey Decimal Classification   Not For Loan مكتبة وادي السير العامة مكتبة وادي السير العامة مراجع 11/02/2016 [2148]..   م/216,3/سلا PLD00373402 28/07/2025 11/02/2016 مراجع
Implemented & Customized by: BBB with SCIT (Smart Chains for Information Technology)

Powered by Koha